| 000 | 00475nam a2200193Ia 4500 | ||
|---|---|---|---|
| 008 | 170918s9999 xx 000 0 und d | ||
| 020 | _a9780590482592 | ||
| 050 | _bN419 1992 | ||
| 100 | _aNelisi, Lino | ||
| 245 | _aSione's talo / | ||
| 245 | _cLino Nelisi ; illustrated by Elspeth Williamson. | ||
| 260 | _aNew York : | ||
| 260 | _bScholastic, | ||
| 260 | _c1992 | ||
| 300 | _a16 pages : | ||
| 300 | _bcolored illustration ; | ||
| 300 | _c23cm. | ||
| 500 | _a470 | ||
| 999 |
_c341371 _d341371 |
||